000 01151cam a22003257a 4500
003 CHAP
005 20220329142141.0
008 000117d1999 nl r 00010 spa d
010 _a79243
011 _a80215
035 _a90662
040 _cCHAP
090 _aFolleto 15626
100 0 0 _aGhezán, Graciela.
_947828
245 0 _aAnálisis prospectivo de la demanda tecnológica en el sistema agroindustrial
_c/por Graciela Ghezán, Susana Brieva y Liliana Iriarte
260 _aLa Haya :
_bServicio Internacional para la Investigación Agrícola Nacional,
_c1999.
300 _a83 p.
590 _aBATCH-UPD
_b10
_c20130110
_lUCH01
_h0727
590 _aBATCH-UPD
_b10
_c20130410
_lUCH01
_h0411
590 _aBATCH-UPD
_b10
_c20130914
_lUCH01
_h0749
590 _aCONVERSION
_b10
_c20130109
_lUCH01
_h1344
650 1 4 _aIndustrias agrícolas
_xInnovaciones tecnológicas.
_957952
650 1 4 _aIndustrias agrícolas
_xInvestigación.
_957953
700 0 _aBrieva, Susana.
_915327
700 0 _aIriarte, Liliana.
_960349
901 _aBK
905 _aLilia Sánchez G.
942 _cFOLL
949 _aFolleto 15626
_bBC
_cFOLL
_d906621
_eTS1
_i90662
_sb
999 _c79243
_d79243